La metafísica / (Record no. 95619)

MARC details
000 -LEADER
campo de control de longitud fija 00484nam a2200181 i 4500
001 - NÚMERO DE CONTROL
campo de control 95619
003 - IDENTIFICADOR DE NÚMERO DE CONTROL
campo de control ES-MaACL
005 - FECHA Y HORA DE LA ÚLTIMA TRANSACCIÓN
campo de control 20230906181737.0
007 - CAMPO FIJO DE DESCRIPCIÓN FÍSICA--INFORMACIÓN GENERAL
campo de control de longitud fija t|
008 - DATOS DE LONGITUD FIJA--INFORMACIÓN GENERAL
campo de control de longitud fija 050601s1918 sp ||||1| spa d
100 1# - ENTRADA PRINCIPAL--NOMBRE DE PERSONA
Nombre de persona Llorens, Frances Xavier.
9 (RLIN) 72872
245 13 - MENCIÓN DEL TÍTULO
Título La metafísica /
Mención de responsabilidad, etc. de Francesc Xavier Llorens.
260 ## - PUBLICACIÓN, DISTRIBUCIÓN, ETC.
Lugar de publicación, distribución, etc. Barcelona :
Nombre del editor, distribuidor, etc. [s.n.],
Fecha de publicación, distribución, etc. 1917.
490 1# - MENCIÓN DE SERIE
Mención de serie Minerva ;
Designación de volumen o secuencia 13
830 0# - PUNTO DE ACCESO ADICIONAL DE SERIE-TÍTULO UNIFORME
Título uniforme Minerva ;
Designación de volumen o secuencia 13
9 (RLIN) 232206
852 ## - LOCALIZACIÓN
Ubicación ES-MaACL
Número de control de estantería 1533-F-4
Holdings
Estatus retirado Estado de pérdida Estado de daño No para préstamo Colección Biblioteca de origen Biblioteca actual Ubicación en estantería Fecha de adquisición Fuente de adquisición Total de préstamos Signatura topográfica completa Código de barras Visto por última vez Precio de reemplazo Tipo de ítem Koha
        Colección de folletos Biblioteca del Ateneo de Madrid Biblioteca del Ateneo de Madrid Depósito folletos 17/01/2008     1533-F-4 1099844 23/02/2023 23/02/2023 Folleto